000 01145nam0a22003011 4500
001 RU\NLR\INFOCOMM_253\5000011721
005 20250613092817.0
035 _a(NLR Aleph) 009180584
090 _a8569250
_c8569250
100 _a20100316d1979 |||y0rusy50 ca
101 0 _aeng
_irus
102 _aRU
105 _aa ||||000|y
200 1 _aAlice's adventures in Wonderland
_fBy Lewis Carroll
_g[Предисл.: Д. М. Урнова
_gКоммент.: Л. С. Головчинской
_gХудож.: Е. А. Шукаев]
205 _aИзд. 3-е
210 _aΜ.
_cProgress
_d1979
215 _a235 с.
_cил.
_d21 см
300 _aНа обороте тит. л.: Приключения Алисы в стране чудес / Льюис Кэрролл
300 _aПредисл. и коммент. на рус. яз.
686 _aШ143.21-93рус91
_2rubbk
700 1 _aCarroll
_bL.
_c[pseud.]
_f1832-1898
_gLewis
_4070
702 1 _9z01790
_aŠukajev
_bE. A.
_4440
790 1 _9z01702
_aШукаев
_bЕ. А.
_4440
801 1 _aRU
_bNLR
_c20100316
801 0 _aRU
_bNLR
_gPSBO
852 _aNLR
_jЯ61 Д-3/419
942 _cBOOK
980 _aNB